Ztracený svět /
Anglický profesor na své výpravě do povodí amazonského pralesa objevuje náhorní plošinu obydlenou prehistorickými zvířaty.
Uloženo v:
| Série: | Profesor Challenger,
část 1 |
|---|---|
| Hlavní autor: | |
| Další autoři: | |
| Médium: | E-kniha |
| Jazyk: | Czech |
| Vydáno: |
Praha :
Dobrovský s.r.o.,
2024
|
| Edice: | 1400
|
| Témata: | |
| Příbuzné jednotky: | Z cyklu::
Profesor Challenger |
| Tagy: |
Žádné tagy |
| LEADER | 02651nam a2200457 i 4500 | ||
|---|---|---|---|
| 001 | 312671 | ||
| 003 | CZ PrSKC | ||
| 005 | 20260601215726.0 | ||
| 007 | ta | ||
| 008 | 240704s2024 xr g 000 f cze | ||
| 015 | |a cnb003567441 | ||
| 020 | |a 9788027722747 |q (vázáno) | ||
| 035 | |a (OCoLC)1459786232 | ||
| 040 | |a ABG001 |b cze |e rda | ||
| 041 | 1 | |a cze |h eng | |
| 072 | 7 | |a 821.111-3 |x Anglická próza, anglicky psaná |2 Konspekt | |
| 080 | |a 821.111-31 |2 MRF | ||
| 080 | |a (0:82-311.9) |2 MRF | ||
| 100 | 1 | |a Doyle, Arthur Conan, |d 1859-1930 |7 jn19990001842 |4 aut | |
| 240 | 1 | 0 | |a Lost world. |l Česky |7 aun2007432702 |
| 245 | 1 | 0 | |a Ztracený svět / |c Arthur Conan Doyle ; přeložil František Gel |
| 264 | 1 | |a Praha : |b Dobrovský s.r.o., |c 2024 | |
| 300 | |a 262 stran ; |c 21 cm | ||
| 336 | |a text |b txt |2 rdacontent | ||
| 337 | |a bez média |b n |2 rdamedia | ||
| 338 | |a svazek |b nc |2 rdacarrier | ||
| 490 | 1 | |a 1400 | |
| 500 | |a Přeloženo z angličtiny | ||
| 520 | 2 | |a Anglický profesor na své výpravě do povodí amazonského pralesa objevuje náhorní plošinu obydlenou prehistorickými zvířaty. |b Příběh profesora Challengera nás zavádí do neprobádaného kraje v Amazonii, kde podle přesvědčení tohoto skotského vědce zůstal zachován pravěký život. Profesor tvrdí, že v blízkosti Amazonky narazil na "ztracený svět", v němž se setkal dokonce i s dinosaury. Vědecká obec mu ale nevěří, proto se Challenger rozhodne uspořádat do těchto míst výpravu. Jedním z jejích členů se stane i vypravěč této knihy, novinář E. D. Malone, který touží zaimponovat své snoubence a dokázat jí, že se nebojí žádného dobrodružství. Netuší, že ho čeká cesta plná napětí, nebezpečí a nakonec i skutečné setkání s dinosaury a k překvapení všech také s opolidmi. Nakladatelská anotace. | |
| 655 | 7 | |a anglické romány |7 fd131814 |2 czenas | |
| 655 | 7 | |a vědecko-fantastické romány |7 fd133847 |2 czenas | |
| 655 | 9 | |a English fiction |2 eczenas | |
| 655 | 9 | |a science fiction novels |2 eczenas | |
| 700 | 1 | |a Gel, František, |d 1901-1972 |7 jk01032388 |4 trl | |
| 787 | 0 | 8 | |i Z cyklu: |t Profesor Challenger |g 1 |
| 830 | 0 | |a 1400 | |
| 900 | |a ABA001 |b 20 | ||
| 044 | |a xr | ||
| 910 | |a RBIT002 | ||
| 998 | |d 417772 |a https://core.palmknihy.cz/api/books/417772/cover?ssyjrp |b https://core.palmknihy.cz/api/books/417772/cover/400?ssyjrp |c https://core.palmknihy.cz/api/books/417772/cover/50?ssyjrp |e |g 272 |i 9788027722747 |j https://core.palmknihy.cz/api/books/417772/preview.epub |k https://core.palmknihy.cz/api/books/417772/preview.pdf |l |q 49 |r 1 |s https://www.palmknihy.cz/kniha/417772 |t ebook |y 2024 |z 0 | ||
| 999 | |d 312669 | ||